[Event "Verona-chT Serie B/5 51st"]
[Site "Verona"]
[Date "2019.03.16"]
[Round "2.4"]
[White "Passon, Stefano"]
[Black "Fabbrucci, Gabriele"]
[Result "1-0"]
[WhiteElo "1728"]
[BlackElo "1664"]
[PlyCount "95"]
[EventDate "2019.03.15"]
[EventType "team-tourn"]
[EventRounds "5"]
[EventCountry "ITA"]
[SourceTitle "EXT 2022"]
[Source "ChessBase"]
[SourceDate "2021.10.06"]
[SourceVersion "1"]
[SourceVersionDate "2021.10.06"]
[SourceQuality "1"]
[WhiteTeam "Valpolicella"]
[BlackTeam "Grosseto Mattoallaprossima"]
[WhiteTeamCountry "ITA"]
[BlackTeamCountry "ITA"]

1. d4 d5 2. Nf3 Nf6 3. e3 e6 4. Bd3 Bd6 5. Nbd2 Nbd7 6. 0-0 0-0 7. b3 e5 8. dxe5 Nxe5 9. Nxe5 Bxe5 10. Rb1 Re8 11. Nf3 Bg4 12. h3 Bh5 13. Be2 Bd6 14. Bb2 Bg6 15. Rc1 c6 16. c4 Be4 17. Ng5 Bg6 18. Nf3 Be4 19. Bd3 Qe7 20. Ng5 Be5 21. Bxe5 Qxe5 22. Nxe4 dxe4 23. Be2 Rad8 24. Qc2 Qa5 25. Rfd1 Rxd1+ 26. Rxd1 Rd8 27. Rxd8+ Qxd8 28. b4 Qe7 29. c5 Nd5 30. a3 Qe5 31. Qc1 Kf8 32. Bc4 Ke7 33. g3 f6 34. Kg2 h6 35. Qd1 Qe6 36. b5 Ke8 37. Qb3 Ke7 38. bxc6 bxc6 39. Kh2 Qd7 40. Qb1 Qe6 41. Qb8 Qd7 42. Qg8 g5 43. Qh7+ Kd8 44. Qxe4 Qf7 45. Qd4 Kc7 46. e4 g4 47. hxg4 h5 48. exd5 1-0